00611 2200205 4500245003400000250001000034700001900044100001100063700001800074700001700092650002100109650002600130005001900156260007600175041001400251084000900265300002500274500009700299336000900396 aJuhu Tana TambicNovitahText acet.1 aNovaro Christi aNovita aNatalina Asie aLida Karyani aCerita Bergambar aCerita Anak Dwibahasa a20241004084338 aJakartabKementerian Pendidikan, Kebudayaan, Riset, dan Teknologic2023 aIndonesia aNONE a19 hlm :c29,7cm pdf aCerita Anak Dwibahasa Kalimantan Tengah dalam Bahasa Daerah Dayak Ngaju dan Bahasa Indonesia atext